| 000 | 00428nam a2200169Ia 4500 | ||
|---|---|---|---|
| 008 | 180424s9999 xx 000 0 und d | ||
| 084 | _a621.381 S3 | ||
| 100 | _a"Streetman, Ben G" | ||
| 245 | 0 | _aSolid State Electronic Devices | |
| 250 | _a\\198002ENGGPCX | ||
| 260 | _aPrentice-Hall | ||
| 260 | _b1980 | ||
| 260 | _cEnglewood Cliffs | ||
| 300 | _axviii+461p | ||
| 500 | _aincludes index and biblioraphy | ||
| 942 | _cBK | ||
| 999 |
_c103141 _d103141 |
||